000 00682nam a2200193Ia 4500
001 66992
003 OSt
005 20160504105708.0
008 150514s9999 xx 000 0 und d
020 _aNA
040 _cPK-LaUMT
082 _a 158.1
_bATI-Z
100 _aAtif Mirza
245 _a(زندگی میں کیا اہم ہے؟)Zindagi mein kia aham he?
_b(اپنے کام اور سوچ میں دوسروں سع نمایاں بنیں )apnay kam aur sooch mein dosron se namayan banen
_c(عاطف مرزا)Atif Mirza
260 _a(لاہور،پاکستان)Lahore,Pakistan:
_b(دارالشعور9Dar ul Shaor,
_c2014
300 _a256 p.
546 _aUR
942 _cBK
_2ddc
999 _c71820
_d71820